000 00622nam a2200169Ia 4500
003 GCL
008 140319s9999 xx 000 0 ara d
040 _aGCL /
_cGCL
082 0 4 _a245
_bع ك
100 1 _aالشهرستانى: ابوالفتح محمد بن عبدالكريم بن احمد
245 1 0 _aنهاية الاقدام فى علم الكلام /
_cالشهرستانى: ابوالفتح محمد بن عبدالكريم بن احمد
260 _a[S.N] :
_b2000 للثقافة والنشر
300 _a514
490 _aبحوث اجتماعية
_v0
650 0 4 _aعلم الكلام
942 _2ddc
_cBK
999 _c36398
_d36398